000 00406nam a2200133Ia 4500
005 20260328104250.0
008 260328s9999||||xx |||||||||||||| ||und||
100 _aSanz de Santamaria, Pablo Nava
245 0 _aEducación en la Arquitectura 09 :
_bRevista de Arquitectura /
_cPablo Nava Sanz de Santamaria
260 _bUniversidad de los Andes
300 _a219 p.
650 _aARQUITECTURA
942 _cBK
999 _c10213
_d10213